Normal view
MARC view
Entry Topical Term
001 - CONTROL NUMBER
- control field: 1410137
003 - CONTROL NUMBER IDENTIFIER
- control field: NLI
005 - DATE AND TIME OF LATEST TRANSACTION
- control field: 20220408061939.0
008 - FIXED-LENGTH DATA ELEMENTS
- fixed length control field: 220408|| aca||aabn | a|a d
040 ## - CATALOGING SOURCE
- Original cataloging agency: NLI
- Transcribing agency: NLI
150 ## - HEADING--TOPICAL TERM
- Topical term or geographic name entry element: Uraban government
- Geographic subdivision: Kolkata
670 ## - SOURCE DATA FOUND
- Source citation: Work cat.: (NLI)1529303: 880-01 Datta, Pravat 1410136, Participatory governance:, 2007
